| 000 | 02071nam a2200325 a 4500 | ||
|---|---|---|---|
| 001 | ebr10674942 | ||
| 003 | CaPaEBR | ||
| 006 | m u | ||
| 007 | cr cn||||||||| | ||
| 008 | 090928s2010 nyua sb 001 0 eng d | ||
| 010 | _z 2009040470 | ||
| 020 | _z9781608764785 (hardcover : alk. paper) | ||
| 020 | _z9781617281822 (e-book) | ||
| 040 |
_aCaPaEBR _cCaPaEBR |
||
| 035 | _a(OCoLC)688291780 | ||
| 050 | 1 | 4 |
_aRC865 _b.H46 2010.eb |
| 082 | 0 | 4 |
_a616.3/52 _222 |
| 245 | 0 | 0 |
_aHemorrhoids _h[electronic resource] : _bsymptoms, diagnosis and treatment / _cPhilip D. Salinitri and Benjamin M. Raspallo, editors. |
| 260 |
_aNew York. : _bNova Science Publishers, _c2010. |
||
| 300 |
_axiii, 182 p. : _bill. |
||
| 504 | _aIncludes bibliographical references and index. | ||
| 505 | 0 | _aHemorrhoids : symptoms, diagnosis, and treatments / Francesco Di Fabio ... [et al.] -- Treatment of hemorrhoids / Marcello Picchio ... [et al.] -- Stapled haemorhoidopexy : from pathology to clinical outcome and reinterventions / Pierpaolo Sileri ... [et al.] -- Hemorrhoidopexy using PPH (procedure for prolapse and hemorrhoids) / Manousos-Georgios Pramateftakis ... [et al.] -- Excision hemorrhoidectomy : new methods to improve outcomes of an old technique / Kok-Yang Tan ... [et al.] -- Videoanoscope assisted stapled hemorhoidopexy : a novel procedure / Ali Dogan Bozdag -- New option in the treatment of hemorrhoidal disease : Doppler guided transanal hemorrhoidal dearterialisation / Ram�on Cantero Cid -- Anal ultra slow wave : a mysterious manometric finding with hemorrhoids / Hiroyuki Kayaba. | |
| 533 |
_aElectronic reproduction. _bPalo Alto, Calif. : _cebrary, _d2013. _nAvailable via World Wide Web. _nAccess may be limited to ebrary affiliated libraries. |
||
| 650 | 0 | _aHemorrhoids. | |
| 655 | 7 |
_aElectronic books. _2local |
|
| 700 | 1 | _aSalinitri, Philip D. | |
| 700 | 1 | _aRaspallo, Benjamin M. | |
| 710 | 2 | _aebrary, Inc. | |
| 856 | 4 | 0 |
_uhttp://site.ebrary.com/lib/rucke/Doc?id=10674942 _zAn electronic book accessible through the World Wide Web; click to view |
| 999 |
_c163849 _d163849 |
||